000 00609nam a2200181Ia 4500
005 20260601193246.0
008 260601s9999||||xx |||||||||||||| ||und||
020 _a978-3-031-63851-0
_qebk
100 _aLuis M. Camarinha-Matos
245 0 _aTechnological Innovation for Human-Centric Systems
250 _a2024
260 _aHeidelberg, Germany
_bSpringer Nature
_c2024
440 _aIFIP Advances in Information and Communication Technology
650 _aComputer Science
700 _aFilipa Ferrada
856 _uhttps://link.springer.com/openurl?genre=book&isbn=978-3-031-63851-0
942 _cEB
_2ddc
999 _c56562
_d56562